000 00645cab a2200241 4500
001 X2460
008 090401t1995 xxu||||| |||| 00| 0 eng d
035 _a(Sirsi) u24399
041 _aeng
245 _aLomas v SoS for Environment and Wyre Forest DC
260 _c1995
350 _a0
490 _aProperty and Compensation Reports
_v(1995) 69 P&CR 622-629(8)
520 _aQBD 15 November 1994.
650 _aAGRICULTURAL NEED
650 _aENFORCEMENT NOTICES
650 _aINHERITED DEBT
650 _aMOBILE HOME
650 _aVIABILITY
690 _aPLANNING LAW AND PRACTICE-CASE LAW
942 _n0
948 _c04/03/1997
999 _c16361
_d16361